| 000 | 00590nam a22001937a 4500 | ||
|---|---|---|---|
| 999 |
_c5960 _d5960 |
||
| 003 | GBCCL | ||
| 005 | 20241126110553.0 | ||
| 008 | 180418b ||||| |||| 00| 0 eng d | ||
| 020 | _a0806618884 | ||
| 040 | _cgbc | ||
| 082 |
_a242.632 _bAAS |
||
| 100 |
_aAaseng, Nate _910774 |
||
| 245 |
_aI'm leaving, Lord, but I still need help: _bStory devotions for boys / _cNate Aaseng |
||
| 260 |
_aMinneapolis: _bAugsburg Publishing House, _c1981 |
||
| 300 |
_a110 p.; _bill., _c20 cm. |
||
| 650 |
_aBoys _vPrayers and devotions _910775 |
||
| 650 |
_aPrayer books and devotions _92800 |
||
| 942 |
_2ddc _cBK |
||